[Event "National Open 2017"]
[Site "Las Vegas USA"]
[Date "2017.06.17"]
[Round "3.5"]
[White "Ginsburg,M"]
[Black "Kiewra,K"]
[Result "0-1"]
[WhiteElo "2341"]
[BlackElo "2429"]

1.c4 Nf6 2.Nc3 g6 3.e4 d6 4.d4 Bg7 5.Nf3 O-O 6.Be2 c6 7.O-O e5 8.Re1 exd4
9.Nxd4 Re8 10.Bf1 Nbd7 11.Nc2 Qc7 12.Bf4 Ne5 13.Qd2 Be6 14.b3 Rad8 15.Bg5 a6
16.Rad1 b5 17.Qf4 Qe7 18.c5 Bg4 19.f3 Bc8 20.cxd6 Rxd6 21.Rxd6 Qxd6 22.Rd1
Qc5+ 23.Qe3 Qxe3+ 24.Bxe3 Bf8 25.a4 Be6 26.Nd4 Bc5 27.Kf2 Bxd4 28.Bxd4 Bxb3
29.Rb1 bxa4 30.Bxa6 Nfd7 31.Be2 c5 32.Be3 c4 33.Bd4 a3 34.Nd5 a2 35.Rc1 f5
36.Ke3 Kf7 37.h4 Ra8 38.Ba1 Ra3 39.Kd2 h5 40.exf5 gxf5 41.Nf4 Ra6 42.Nxh5 Rh6
43.g4 Rd6+ 44.Ke3 Nd3 45.Rc3 Nb6 46.Bxd3 Nd5+ 47.Kf2 Nxc3 48.Bxf5 Nb5 {#R} 0-1

[Event "National Open 2017"]
[Site "Las Vegas USA"]
[Date "2017.06.17"]
[Round "3.7"]
[White "Torres Rosas,L"]
[Black "Lin,Andy"]
[Result "1-0"]
[WhiteElo "2360"]
[BlackElo "2147"]

1.d4 d5 2.c4 e6 3.Nf3 c6 4.Qc2 dxc4 5.Qxc4 Nf6 6.Qc2 b5 7.e4 Bb7 8.Bd3 h6
9.O-O Nbd7 10.Nc3 Rc8 11.a3 Be7 12.Qe2 a6 13.b4 Qc7 14.Bb2 O-O 15.e5 Nd5
16.Qe4 g6 17.Nh4 Nxc3 18.Bxc3 c5 19.Qg4 Bxh4 20.Qxh4 c4 21.Bc2 Kg7 22.f4 Qd8
23.Qg3 Nb6 24.f5 Qg5 25.f6+ Kh7 26.Qf2 Rfd8 27.Bd2 Qg4 28.h3 Qh5 29.Bd1 Qf5
30.Qh4 g5 31.Rxf5 gxh4 32.Rf4 Rg8 33.Bc2+ Kh8 34.g4 c3 35.Bc1 Nd5 36.Rf2 h5
37.g5 Rgd8 38.Kh2 Rc4 39.g6 fxg6 40.Bxg6 Rxd4 41.Bh6 Nxf6 42.exf6 {#r} 1-0

[Event "National Open 2017"]
[Site "Las Vegas USA"]
[Date "2017.06.17"]
[Round "4.4"]
[White "Kiewra,K"]
[Black "Torres Rosas,L"]
[Result "1-0"]
[WhiteElo "2429"]
[BlackElo "2360"]

1.e4 c5 2.c3 d5 3.exd5 Qxd5 4.d4 Nf6 5.Nf3 Bg4 6.Be2 e6 7.O-O Nc6 8.Be3 cxd4
9.cxd4 Be7 10.Nc3 Qd6 11.h3 Bh5 12.Nb5 Qb8 13.Ne5 Bxe2 14.Qxe2 O-O 15.Nxc6
bxc6 16.Nc3 Nd5 17.Rac1 Nxe3 18.fxe3 c5 19.Kh1 Qb7 20.Qb5 Qxb5 21.Nxb5 a6
22.Nc3 Bg5 23.Rce1 Bxe3 24.d5 Bd2 25.Rd1 Bxc3 26.bxc3 e5 27.d6 Rfd8 28.Rd5 f6
29.g4 Kf7 30.Rxe5 Rxd6 31.Rxc5 Rd2 32.g5 {#r} 1-0

[Event "National Open 2017"]
[Site "Las Vegas USA"]
[Date "2017.06.17"]
[Round "4.6"]
[White "Moradiabadi,E"]
[Black "Gurevich,D"]
[Result "1-0"]
[WhiteElo "2550"]
[BlackElo "2454"]

1.Nf3 Nf6 2.c4 e6 3.d4 a6 4.Nc3 c5 5.e4 cxd4 6.Nxd4 Qc7 7.a3 b6 8.Be3 Bb7 9.f3
Be7 10.Be2 O-O 11.Rc1 d6 12.O-O Nbd7 13.Qd2 Rac8 14.Rfd1 Qb8 15.Bf1 Rfe8 16.b4
Bd8 17.Kh1 Bc7 18.Nde2 Ne5 19.Ng3 Ng6 20.Qf2 Bc6 21.a4 h5 22.Be2 h4 23.Nf1 Ba8
24.c5 bxc5 25.bxc5 dxc5 26.Rb1 Bb7 27.Bxa6 Bxa6 28.Rxb8 Bxb8 29.Bxc5 h3
30.gxh3 Nf4 31.Nb5 Nxh3 32.Qe3 Bf4 33.Qa3 g5 34.Ng3 g4 35.Ne2 Be5 36.Ng1 Nf4
37.Bd6 Bxd6 38.Qxd6 Bxb5 39.Qxf4 Bxa4 40.Ra1 Ra8 {#r} 1-0

[Event "National Open 2017"]
[Site "Las Vegas USA"]
[Date "2017.06.17"]
[Round "4.7"]
[White "Paikidze,N"]
[Black "Vorontsov,P"]
[Result "0-1"]
[WhiteElo "2355"]
[BlackElo "2492"]

1.d4 Nf6 2.c4 e6 3.g3 d5 4.Nf3 Bb4+ 5.Bd2 Bd6 6.Bg2 O-O 7.O-O Nbd7 8.Nc3 dxc4
9.e4 e5 10.Bg5 h6 11.Bxf6 Qxf6 12.Nd5 Qd8 13.dxe5 Nxe5 14.Nxe5 Bxe5 15.Qc2 c6
16.Ne3 b5 17.Rad1 Qb6 18.Nf5 Be6 19.Kh1 Rfd8 20.Bh3 Rxd1 21.Rxd1 Rd8 22.Ne7+
Kh7 23.Rxd8 Qxd8 24.Nxc6 Qd3 25.Qxd3 cxd3 26.Bf1 d2 27.Be2 Bxb2 28.Nxa7 Bd7
{#R} 0-1

[Event "National Open 2017"]
[Site "Las Vegas USA"]
[Date "2017.06.17"]
[Round "4.8"]
[White "Wang,Xiexin"]
[Black "Barcenilla,R"]
[Result "0-1"]
[WhiteElo "2000"]
[BlackElo "2452"]

1.c4 g6 2.g3 Bg7 3.Bg2 d6 4.Nc3 e5 5.d3 f5 6.e3 Nf6 7.Nge2 O-O 8.O-O Nc6 9.Rb1
a5 10.a3 Be6 11.Nd5 Rb8 12.b4 axb4 13.axb4 Ne7 14.Nxe7+ Qxe7 15.Qc2 c6 16.Bb2
h5 17.d4 e4 18.c5 d5 19.Bc3 h4 20.b5 Rbc8 21.bxc6 bxc6 22.Rb6 Bh6 23.Bd2 g5
24.Qb2 Qe8 25.f4 exf3 26.Rxf3 h3 27.Bh1 Qh5 28.Nc3 Ne4 29.Rf1 Nxd2 30.Qxd2 f4
31.exf4 gxf4 32.Qe2 Qxe2 33.Nxe2 fxg3 {#R} 0-1

[Event "National Open 2017"]
[Site "Las Vegas USA"]
[Date "2017.06.17"]
[Round "4.9"]
[White "Gorovets,A"]
[Black "Asaria,Danial"]
[Result "1-0"]
[WhiteElo "2524"]
[BlackElo "2243"]

1.d4 Nf6 2.c4 e6 3.Nc3 d5 4.cxd5 exd5 5.Bg5 c6 6.Qc2 h6 7.Bh4 Na6 8.a3 Nc7
9.e3 Bd6 10.Bd3 O-O 11.Nf3 Re8 12.O-O Bg4 13.Bg3 Bxf3 14.gxf3 Ne6 15.Kh1 Ng5
16.f4 Nge4 17.Bh4 Qd7 18.Rg1 Kh8 19.f3 Nxc3 20.Bxf6 gxf6 21.Bf5 Qe7 22.Qf2 Nd1
23.Qh4 Nf2+ 24.Qxf2 Qf8 25.Qh4 Be7 26.Rg3 Bd8 27.Rag1 Rxe3 28.Rg8+ {#r} 1-0

[Event "National Open 2017"]
[Site "Las Vegas USA"]
[Date "2017.06.17"]
[Round "4.10"]
[White "Bryant,J"]
[Black "Abdumalik,Z"]
[Result "1-0"]
[WhiteElo "2443"]
[BlackElo "2397"]

1.e4 e5 2.Nf3 Nc6 3.Bc4 Bc5 4.c3 Nf6 5.d4 exd4 6.e5 d5 7.Be2 Ne4 8.cxd4 Bb6
9.O-O O-O 10.Nc3 Be6 11.Be3 f6 12.exf6 Qxf6 13.Rc1 Rad8 14.h3 Nxc3 15.bxc3 h6
16.Re1 Bf5 17.Qd2 Be4 18.Nh2 Qd6 19.Ng4 Qg6 20.f3 Bf5 21.Kh2 a6 22.Bf4 Qf7
23.Bg3 h5 24.Ne3 Bg6 25.Bd3 Ne7 26.Rb1 Bxd3 27.Qxd3 Ng6 28.Kh1 Nf4 29.Qc2 Rd6
30.Qb3 Rfd8 31.Bxf4 Qxf4 32.c4 Bxd4 33.Nxd5 Rxd5 34.Re4 Qg3 35.cxd5 Be5 36.Kg1
Qh2+ 37.Kf1 Rd6 38.Qe3 Rxd5 39.Re1 Bf6 40.Re8+ Kf7 41.Qe6+ Kg6 42.Qxd5 Qh1+
43.Ke2 Qxg2+ 44.Kd3 {#r} 1-0

[Event "National Open 2017"]
[Site "Las Vegas USA"]
[Date "2017.06.18"]
[Round "5.3"]
[White "Kolev,At1"]
[Black "Gorovets,A"]
[Result "0-1"]
[WhiteElo "2572"]
[BlackElo "2524"]

1.d4 f5 2.g3 Nf6 3.Bg2 e6 4.Nf3 d5 5.O-O Bd6 6.c4 O-O 7.Nc3 c6 8.Qc2 Bd7 9.Rb1
Be8 10.c5 Bc7 11.Bf4 Bxf4 12.gxf4 Bh5 13.Ng5 Qe7 14.f3 Nbd7 15.b4 a6 16.Rbe1
h6 17.Nh3 Bg6 18.a4 a5 19.bxa5 Rxa5 20.Nf2 b6 21.cxb6 Nxb6 22.Nd3 Rfa8 23.e4
Nxa4 24.Ne5 Be8 25.exf5 Nxc3 26.Qxc3 Ra3 27.Qc1 Qb4 28.fxe6 Qxd4+ 29.Kh1 Qc3
30.f5 c5 31.f4 c4 32.Qd1 Bh5 33.Bf3 Bxf3+ 34.Nxf3 Ra2 35.e7 Re8 36.Rg1 Kh8
37.Rg2 Rxg2 38.Kxg2 Nh5 39.Qd4 Qc2+ 40.Kh1 Qxf5 41.Ne5 Kh7 42.Qxd5 Rxe7
43.Qxc4 Nxf4 44.Nf3 Nd3 45.Rf1 Re1 {#R} 0-1

[Event "National Open 2017"]
[Site "Las Vegas USA"]
[Date "2017.06.18"]
[Round "5.8"]
[White "Atoufi,P"]
[Black "Corrales Jimenez,F"]
[Result "0-1"]
[WhiteElo "2281"]
[BlackElo "2524"]

1.e4 c5 2.Nf3 Nc6 3.Nc3 d6 4.d4 cxd4 5.Nxd4 Nf6 6.Bg5 e6 7.Qd2 h6 8.Bh4 Nxe4
9.Qf4 Nf6 10.Bxf6 Qxf6 11.Qxf6 gxf6 12.Ndb5 Kd8 13.O-O-O d5 14.Ne4 f5 15.Ng3
a6 16.Nd4 Nxd4 17.Rxd4 Bd7 18.Kb1 b5 19.Rd2 Kc7 20.Be2 Rg8 21.Bf3 Bc6 22.Nh5
Rd8 23.g3 Bc5 24.Rhd1 Rd6 25.Nf4 Rgd8 26.Nd3 Bb6 27.Ne5 Be8 28.Bh5 f6 29.Bxe8
fxe5 30.Bf7 Kd7 31.Bh5 Ke7 32.Re2 Kf6 33.Red2 e4 34.Rf1 b4 35.Rdd1 a5 36.Be2
a4 37.Bb5 a3 38.bxa3 bxa3 39.Ba4 Ba5 40.Bb3 Bc3 41.Rh1 d4 42.Kc1 e3 43.fxe3
dxe3 44.Rxd6 Rxd6 45.Bc4 Rd2 {#R} 0-1

[Event "National Open 2017"]
[Site "Las Vegas USA"]
[Date "2017.06.18"]
[Round "5.10"]
[White "Aldama Degurnay,D"]
[Black "He,Anthony B"]
[Result "1-0"]
[WhiteElo "2385"]
[BlackElo "2295"]

1.d4 Nf6 2.Nf3 g6 3.g3 Bg7 4.Bg2 O-O 5.O-O d5 6.b3 c5 7.e3 Nc6 8.Bb2 Ne4
9.Nbd2 Qc7 10.c4 Nxd2 11.Qxd2 cxd4 12.cxd5 dxe3 13.fxe3 Ne5 14.Rac1 Qd6
15.Nxe5 Bxe5 16.Bxe5 Qxe5 17.Qd4 Qxd4 18.exd4 Rd8 19.Rc7 Rd7 20.Rfc1 Rxc7
21.Rxc7 Kf8 22.d6 exd6 23.Bd5 Be6 24.Bxe6 fxe6 25.Rxh7 Kg8 26.Rxb7 a5 27.Re7
Ra6 28.Rxe6 Kf7 29.Re2 a4 30.Kg2 axb3 31.axb3 Rb6 32.Re3 Rb4 33.Rd3 Ke6 34.Kf3
Kf5 35.g4+ Kg5 36.Kg3 d5 37.h4+ Kf6 38.Kf4 g5+ 39.hxg5+ Kg6 40.Ke5 Rb5 41.Kd6
Kxg5 42.Kc6 Ra5 43.b4 Ra4 44.Rb3 Kxg4 45.Kxd5 Kf4 46.b5 Ra5 47.Kc6 Ke4 48.b6
Ra8 49.b7 {#r} 1-0

[Event "National Open 2017"]
[Site "Las Vegas USA"]
[Date "2017.06.18"]
[Round "6.10"]
[White "Ginsburg,M"]
[Black "Gurevich,D"]
[Result "0-1"]
[WhiteElo "2341"]
[BlackElo "2454"]

1.c4 e6 2.Nf3 d5 3.b3 Nf6 4.g3 c5 5.Bg2 Nc6 6.O-O d4 7.d3 Bd6 8.e3 O-O 9.exd4
cxd4 10.Ba3 e5 11.b4 a6 12.Qb3 h6 13.Nbd2 Be6 14.Rfe1 Re8 15.Rab1 Qd7 16.Rec1
b5 17.Qd1 Rac8 18.Ne1 Rc7 19.Qe2 Rb8 20.Nc2 bxc4 21.Nxc4 Rb5 22.Bb2 Nxb4
23.Nxd6 Qxd6 24.a4 Rb8 25.Nxb4 Rxb4 26.Rxc7 Qxc7 27.Rc1 Qb8 28.Ba3 Rxa4 29.Bc5
Ra2 30.Qe1 Ng4 31.Rb1 Qc7 32.Qe4 Nxf2 33.Qa8+ Kh7 34.Qf8 Nh3+ 35.Kh1 Rxg2 {#R}
0-1

[Event "US Women's Open 2017"]
[Site "Las Vegas USA"]
[Date "2017.06.14"]
[Round "3.1"]
[White "Marrero Lopez,Yan"]
[Black "Heredia Serrano,C"]
[Result "1-0"]
[WhiteElo "2242"]
[BlackElo "2082"]

1.e4 c6 2.d4 d5 3.e5 c5 4.dxc5 Nc6 5.a3 Nxe5 6.b4 g6 7.Bb2 Bg7 8.Bd4 Kf8 9.Nc3
Nh6 10.f4 Neg4 11.Bxg7+ Kxg7 12.h3 Nf6 13.g4 a5 14.Bg2 axb4 15.axb4 Rxa1
16.Qxa1 d4 17.Nce2 d3 18.cxd3 Qxd3 19.g5 Nf5 20.gxf6+ exf6 21.Qc3 Qa6 22.h4
Rd8 23.Rh3 Nh6 24.Qa3 Qb5 25.Rc3 Qd7 26.Bf3 Qd2+ 27.Kf1 Qd1+ 28.Kf2 Bf5 29.Rc1
Qd7 30.c6 bxc6 31.Rxc6 Re8 32.Qc3 Bd3 33.Ke1 {#r} 1-0

[Event "US Women's Open 2017"]
[Site "Las Vegas USA"]
[Date "2017.06.14"]
[Round "3.2"]
[White "Eswaran,Ashritha"]
[Black "Paikidze,N"]
[Result "0-1"]
[WhiteElo "2086"]
[BlackElo "2355"]

1.e4 c6 2.d4 d5 3.Nc3 dxe4 4.Nxe4 Bf5 5.Ng3 Bg6 6.N1e2 e6 7.Nf4 Bd6 8.c3 Nf6
9.h4 Bxf4 10.Bxf4 h6 11.Qb3 Qe7 12.h5 Bh7 13.Be2 O-O 14.O-O Nd5 15.Bd2 a5
16.a4 Na6 17.Bf3 Rfd8 18.Rfe1 Qc7 19.Re5 Nc5 20.Qa3 Nd3 21.Re2 c5 22.dxc5 Nxc5
23.c4 Nb6 24.Bf4 Qc8 25.b3 Rd3 26.Re5 Nxb3 27.Rb5 Nd4 28.Qc5 Qxc5 29.Rxc5
Nxf3+ 30.gxf3 Rd4 31.Bc7 Nd7 32.Rxa5 Rc8 33.Be5 Rdxc4 34.Rb5 Bd3 35.Bb2 Nc5
36.a5 Rc2 37.Rb4 Bc4 38.Ba3 Bd5 39.Rb2 Nd3 40.Rxc2 Rxc2 41.Ne4 f5 42.Nd6 Bxf3
43.a6 bxa6 44.Rb1 Bxh5 45.Rb8+ Kh7 {#R} 0-1

[Event "US Women's Open 2017"]
[Site "Las Vegas USA"]
[Date "2017.06.15"]
[Round "4.1"]
[White "Paikidze,N"]
[Black "Marrero Lopez,Yan"]
[Result "1-0"]
[WhiteElo "2355"]
[BlackElo "2242"]

1.d4 Nf6 2.c4 e6 3.g3 Bb4+ 4.Bd2 Bxd2+ 5.Nxd2 d5 6.Ngf3 O-O 7.Bg2 Qe7 8.O-O
Nbd7 9.Qc2 c5 10.e4 dxc4 11.Nxc4 cxd4 12.Nxd4 e5 13.Nf5 Qc5 14.Rac1 g6 15.Ncd6
Qxc2 16.Ne7+ Kg7 17.Rxc2 Nb6 18.Nexc8 Nxc8 19.Nxb7 Rb8 20.Nc5 Rd8 21.f4 Ng4
22.Re1 exf4 23.gxf4 Ne7 24.Bf3 Nf6 25.Nb3 Rb6 26.Rc7 Rd7 27.Rec1 Rb7 28.Rxb7
Rxb7 29.Kf2 Kf8 30.Ke3 Nd7 31.Rc2 Rb4 32.Nd4 Nb6 33.b3 Nbc8 34.e5 a5 35.Rc5 a4
36.a3 Rb8 37.bxa4 Nb6 38.a5 Nd7 39.Rc7 Rd8 40.a6 g5 41.a7 gxf4+ 42.Kf2 Nb6
43.Rxe7 Rxd4 44.Rb7 {#r} 1-0

[Event "US Women's Open 2017"]
[Site "Las Vegas USA"]
[Date "2017.06.15"]
[Round "5.2"]
[White "Marrero Lopez,Yan"]
[Black "Eswaran,Ashritha"]
[Result "1-0"]
[WhiteElo "2242"]
[BlackElo "2086"]

1.e4 c5 2.Nf3 d6 3.d4 cxd4 4.Nxd4 Nf6 5.Nc3 g6 6.Be3 Bg7 7.f3 Nc6 8.Qd2 O-O
9.O-O-O d5 10.Nxc6 bxc6 11.Bh6 {#r} 1-0

[Event "Baltic Zonal Liepaja 2017"]
[Site "Liepaja LAT"]
[Date "2017.06.16"]
[Round "1.3"]
[White "Ladva,O"]
[Black "Krupenski,Y"]
[Result "1-0"]
[WhiteElo "2530"]
[BlackElo "2417"]

1.c4 e6 2.Nc3 d5 3.d4 c5 4.cxd5 exd5 5.Nf3 Nc6 6.dxc5 d4 7.Na4 Bxc5 8.Nxc5
Qa5+ 9.Qd2 Qxc5 10.a3 Be6 11.b4 Qb6 12.Bb2 Rd8 13.b5 Qxb5 14.e3 Bc4 15.Bxc4
Qxc4 16.Nxd4 Ne5 17.Rd1 Nf6 18.Qe2 O-O 19.O-O Rfe8 20.Rfe1 Ne4 21.Ba1 Qxe2
22.Rxe2 Rc8 23.Rc2 Nd6 24.a4 f6 25.Ra2 Ne4 26.Rb1 Re7 27.f3 Nc3 28.Rc2 Rec7
29.Bxc3 Rxc3 30.Rxc3 Rxc3 31.Rxb7 Rxe3 32.Rxa7 {#r} 1-0

[Event "Baltic Zonal Liepaja 2017"]
[Site "Liepaja LAT"]
[Date "2017.06.16"]
[Round "1.4"]
[White "Seeman,T"]
[Black "Kveinys,A"]
[Result "0-1"]
[WhiteElo "2411"]
[BlackElo "2526"]

1.g3 c5 2.Bg2 g6 3.e4 Bg7 4.d3 Nc6 5.f4 e6 6.Nf3 Nge7 7.c3 O-O 8.Be3 b6 9.O-O
Bb7 10.Na3 d6 11.Qd2 f5 12.Rae1 Qd7 13.exf5 Nxf5 14.Bf2 Rae8 15.Nc4 b5 16.Ne3
Nce7 17.Nxf5 gxf5 18.Re2 Bd5 19.Rfe1 Ng6 20.h4 Bf6 21.h5 Ne7 22.Nh2 Bxa2 23.g4
fxg4 24.Nxg4 Bg7 25.h6 Bh8 26.Bh4 Nf5 27.Bg5 Bd5 28.Ne3 Bxg2 29.Rxg2 Kf7
30.Qd1 Rg8 31.Qh5+ Rg6 32.Rge2 Ng3 33.Qg4 Nxe2+ 34.Rxe2 Kg8 35.Ng2 Kf8 36.Nh4
Rg8 37.Rg2 Qf7 38.Qf3 d5 39.Qf2 d4 40.Nf3 e5 41.fxe5 Bxe5 42.cxd4 cxd4 43.Qd2
Rg6 44.Qb4+ Bd6 45.Qxd4 Qxf3 46.Rf2 Re1+ {#R} 0-1

[Event "Baltic Zonal Liepaja 2017"]
[Site "Liepaja LAT"]
[Date "2017.06.16"]
[Round "1.9"]
[White "Miezis,N"]
[Black "Brazdzionis,A"]
[Result "1-0"]
[WhiteElo "2452"]
[BlackElo "2335"]

1.c4 e6 2.e4 d5 3.exd5 exd5 4.d4 Bb4+ 5.Nc3 Ne7 6.cxd5 O-O 7.Be2 Nxd5 8.Bd2
Nc6 9.Nf3 Be6 10.O-O h6 11.a3 Be7 12.Bb5 Nxc3 13.bxc3 Bd5 14.Re1 Bf6 15.Bf4 a6
16.Bd3 Qd7 17.Bc2 Ne7 18.Be5 Ng6 19.Bxf6 gxf6 20.Be4 Kg7 21.Nd2 Rad8 22.Qf3 b6
23.Nf1 Bxe4 24.Qxe4 Qd5 25.Ng3 Qxe4 26.Rxe4 Rd5 27.c4 f5 28.Ree1 Ra5 29.d5 Kf6
30.Rad1 Rd8 31.f4 Kg7 32.Nxf5+ Kh7 33.Nd4 Nxf4 34.Rf1 Ng6 35.Nc6 {#r} 1-0

[Event "Baltic Zonal Liepaja 2017"]
[Site "Liepaja LAT"]
[Date "2017.06.16"]
[Round "1.11"]
[White "Stremavicius,T"]
[Black "Garanin,Aleksei"]
[Result "1-0"]
[WhiteElo "2448"]
[BlackElo "2220"]

1.d4 Nf6 2.c4 g6 3.Nc3 Bg7 4.e4 d6 5.f3 O-O 6.Bg5 c6 7.Qd2 Nbd7 8.h4 a6 9.Rd1
Qc7 10.Bh6 b5 11.h5 Nb6 12.Bxg7 Kxg7 13.hxg6 fxg6 14.b3 e5 15.dxe5 dxe5 16.c5
Nbd7 17.b4 Rf7 18.Bd3 Nf8 19.Nge2 Be6 20.Qh6+ Kg8 21.Qg5 a5 22.a3 axb4 23.axb4
Rd8 24.O-O Bb3 25.Rb1 Rxd3 26.Rxb3 Ne6 27.Qc1 Qd8 28.Ra3 Rfd7 29.Qa1 Kg7
30.Ra8 Qe7 31.Rd1 Rxd1+ 32.Nxd1 Nd4 33.Nxd4 Rxd4 34.Nf2 Qe6 35.Qa7+ Kh6 36.Rf8
Nd7 37.Rd8 Kg5 38.Qa1 h5 39.f4+ Kf6 40.Rc8 Kg7 41.Rc7 Kh6 42.fxe5 Rxb4 43.Qc1+
g5 44.Nh3 Qg4 45.Nxg5 {#r} 1-0

[Event "Baltic Zonal Liepaja 2017"]
[Site "Liepaja LAT"]
[Date "2017.06.16"]
[Round "1.12"]
[White "Vaicekauskas,G"]
[Black "Berzinsh,R"]
[Result "0-1"]
[WhiteElo "2207"]
[BlackElo "2434"]

1.Nc3 d5 2.e4 d4 3.Nce2 e5 4.Nf3 f6 5.Ng3 Be6 6.b3 Nc6 7.Bc4 Qd7 8.O-O Nh6
9.a3 Nf7 10.Bb2 g6 11.Qe2 O-O-O 12.d3 h5 13.Nh4 Rg8 14.c3 Bxc4 15.dxc4 d3
16.Qd1 Be7 17.Nf3 f5 18.Re1 f4 19.Nh1 g5 20.Nd2 g4 21.Ra2 h4 22.Bc1 Qe6 23.b4
Ng5 24.Kf1 f3 25.Re3 fxg2+ 26.Kxg2 Nh3 27.Nf1 Qxc4 28.Rb2 Qxc3 {#R} 0-1

[Event "Baltic Zonal Liepaja 2017"]
[Site "Liepaja LAT"]
[Date "2017.06.17"]
[Round "2.1"]
[White "Kantans,T"]
[Black "Kulaots,K"]
[Result "0-1"]
[WhiteElo "2490"]
[BlackElo "2597"]

1.e4 c5 2.Nf3 d6 3.d4 cxd4 4.Nxd4 Nf6 5.Nc3 a6 6.Bg5 e6 7.f4 Qb6 8.Qd2 Qxb2
9.Rb1 Qa3 10.e5 h6 11.Bh4 dxe5 12.fxe5 Nfd7 13.Ne4 Qxa2 14.Rd1 Qd5 15.Qe3 Qxe5
16.Be2 Bc5 17.Bg3 Qd5 18.c4 Bxd4 19.Rxd4 Qa5+ 20.Rd2 O-O 21.Bd6 f5 22.Nc3 Nf6
23.Ra2 Qd8 24.Bxf8 Qxf8 25.O-O Nc6 26.Na4 e5 27.g3 Be6 28.Rb2 Re8 29.Nc5 Bc8
30.Nxb7 Nd4 31.Bf3 Qe7 32.Bg2 g5 33.Kh1 f4 34.gxf4 gxf4 35.Qe1 Kh8 36.Qh4 Nf5
37.Qh3 Ng3+ 38.hxg3 Bxh3 39.Bxh3 Ne4 40.Re1 Nxg3+ 41.Kh2 e4 42.Rb6 Qe5 43.Nd6
Qd4 {#R} 0-1

[Event "Baltic Zonal Liepaja 2017"]
[Site "Liepaja LAT"]
[Date "2017.06.17"]
[Round "2.4"]
[White "Kveinys,A"]
[Black "Stremavicius,T"]
[Result "1-0"]
[WhiteElo "2526"]
[BlackElo "2448"]

1.e4 c5 2.Nf3 Nc6 3.Bb5 g6 4.Bxc6 bxc6 5.O-O Bg7 6.Re1 Nh6 7.c3 O-O 8.d4 cxd4
9.cxd4 f6 10.Nc3 Nf7 11.h3 Re8 12.b3 d6 13.Bb2 g5 14.Nh2 f5 15.exf5 Bxf5
16.Qf3 Qc8 17.Ne4 c5 18.Rad1 Bg6 19.Ng3 Qa6 20.Rxe7 Qxa2 21.Re2 c4 22.bxc4
Qxc4 23.Ng4 Kf8 24.Rc1 Qb5 25.Ba3 Kg8 26.Rce1 Rf8 27.Nf6+ Kh8 28.Re6 Rad8
29.d5 Ne5 30.R1xe5 dxe5 31.Bxf8 Rxf8 32.Qa3 h6 33.Qd6 Bf5 34.Nd7 Bxe6 35.dxe6
Re8 36.e7 a5 37.Nf6 Qb1+ 38.Kh2 Qg6 39.Nxe8 {#r} 1-0

[Event "Baltic Zonal Liepaja 2017"]
[Site "Liepaja LAT"]
[Date "2017.06.17"]
[Round "2.5"]
[White "Klabis,R"]
[Black "Sulskis,S"]
[Result "0-1"]
[WhiteElo "2348"]
[BlackElo "2521"]

1.e4 Nf6 2.e5 Nd5 3.d4 d6 4.c4 Nb6 5.exd6 cxd6 6.h3 e5 7.dxe5 dxe5 8.Qxd8+
Kxd8 9.Be3 Be6 10.Nf3 f6 11.Bxb6+ axb6 12.Be2 Bb4+ 13.Nbd2 Ke7 14.O-O Rd8
15.Nb3 Nc6 16.a3 Bc5 17.Rfc1 e4 18.Ne1 f5 19.Rc3 Nd4 20.Nxd4 Bxd4 21.Rb3 Bc5
22.Rc3 Kf6 23.Rd1 Rxd1 24.Bxd1 Bd4 25.Rc2 Ke5 26.Be2 Rc8 27.h4 b5 28.cxb5 Rxc2
29.Nxc2 Bxb2 30.a4 b6 31.Ne3 Kd4 32.a5 bxa5 33.b6 Kc5 34.b7 Be5 35.f3 f4
36.Nc2 Bd5 37.fxe4 Bxe4 38.Ne1 Bxb7 {#R} 0-1

[Event "Baltic Zonal Liepaja 2017"]
[Site "Liepaja LAT"]
[Date "2017.06.17"]
[Round "2.6"]
[White "Sveshnikov,V"]
[Black "Volodin,Alek"]
[Result "0-1"]
[WhiteElo "2383"]
[BlackElo "2482"]

1.e4 c5 2.c3 Nf6 3.e5 Nd5 4.Bc4 Nb6 5.Bb3 c4 6.Bc2 Nc6 7.Nf3 d6 8.exd6 e5 9.a4
Bxd6 10.a5 Nd5 11.d3 cxd3 12.Qxd3 Nde7 13.Nbd2 Bc7 14.Qe2 O-O 15.Ng5 h6 16.Qh5
Nd5 17.Bh7+ Kh8 18.Nxf7+ Rxf7 19.Qxf7 Kxh7 20.Ne4 Qd7 21.Qf3 Qf5 22.Qe2 Nxa5
23.Ng3 Qg6 24.O-O Nb3 25.Ra4 Bd7 {#R} 0-1

[Event "Baltic Zonal Liepaja 2017"]
[Site "Liepaja LAT"]
[Date "2017.06.17"]
[Round "2.7"]
[White "Meskovs,N"]
[Black "Jankovskis,G"]
[Result "1-0"]
[WhiteElo "2479"]
[BlackElo "2310"]

1.Nf3 d5 2.g3 g6 3.Bg2 Bg7 4.O-O e5 5.d3 Nc6 6.Nbd2 Nge7 7.e4 O-O 8.c3 a5 9.a4
h6 10.exd5 Nxd5 11.Nc4 Ra6 12.Re1 Re8 13.Nfd2 Be6 14.Na3 Ra8 15.Ndc4 Rb8
16.Nb5 Qd7 17.b3 Rbd8 18.Ba3 f5 19.Qc2 Bf7 20.Re2 g5 21.Rae1 g4 22.Rd1 f4
23.Be4 f3 24.Ree1 Nf6 25.Ne3 Nxe4 26.dxe4 Qc8 27.Nd5 Rd7 28.Rd2 Bg6 29.Qd3 Rf7
30.Qc4 Kh8 31.Red1 h5 32.Bc5 Bh6 33.Be3 Bxe3 34.Nxe3 Ree7 35.Nd5 Rd7 36.Qd3
Qf8 37.Qe3 Qg7 38.b4 axb4 39.cxb4 Nd4 40.Nxd4 exd4 41.Rxd4 c6 42.Nf4 Rxd4
43.Rxd4 Re7 44.e5 Bf7 45.Rd8+ Kh7 46.Qe4+ Kh6 47.Rd6+ Kg5 48.h4+ {#r} 1-0

[Event "Baltic Zonal Liepaja 2017"]
[Site "Liepaja LAT"]
[Date "2017.06.17"]
[Round "2.8"]
[White "Kanep,M"]
[Black "Sakalauskas,V"]
[Result "1-0"]
[WhiteElo "2451"]
[BlackElo "2344"]

1.d4 d5 2.c4 dxc4 3.e3 e6 4.Bxc4 c5 5.Nf3 a6 6.O-O Nf6 7.Qe2 b5 8.Bb3 Bb7 9.a4
b4 10.Rd1 Nbd7 11.Nbd2 Be7 12.e4 cxd4 13.e5 Ng4 14.Nc4 Bxf3 15.gxf3 Nc5 16.Bc2
Nh6 17.Be3 Nf5 18.Bxf5 exf5 19.Rxd4 Qb8 20.Rd6 Ne6 21.Rb6 Qc7 22.Rc1 O-O
23.Nd6 Bxd6 24.Rxc7 Bxc7 25.Rxa6 Bxe5 26.Rxe6 fxe6 27.Bc5 Bf6 28.Bxf8 Kxf8
29.Qxe6 Re8 30.Qxf5 {#r} 1-0

[Event "Baltic Zonal Liepaja 2017"]
[Site "Liepaja LAT"]
[Date "2017.06.17"]
[Round "3.3"]
[White "Sulskis,S"]
[Black "Meskovs,N"]
[Result "1-0"]
[WhiteElo "2521"]
[BlackElo "2479"]

1.d4 Nf6 2.Nf3 e6 3.Bf4 c5 4.e3 Nc6 5.Nbd2 d5 6.c3 Bd6 7.Bb5 Bxf4 8.exf4 Qb6
9.Bxc6+ bxc6 10.O-O O-O 11.Nb3 cxd4 12.cxd4 Ba6 13.Re1 Bc4 14.Nc5 Qxb2 15.Ne5
a5 16.g4 Ba6 17.Rb1 Qxa2 18.Qc1 Rfb8 19.Ra1 Qb2 20.Qxb2 Rxb2 21.Rxa5 Ne4
22.Nxe4 dxe4 23.Rea1 f6 24.Nc4 Rb4 25.Nd2 Rxd4 26.Nf1 g5 27.fxg5 Rd5 28.Rxa6
Rxa6 29.Rxa6 Rxg5 30.h3 h5 31.Ng3 hxg4 32.Nxe4 Rf5 33.Rxc6 gxh3 34.Rxe6 Kf7
35.Ra6 Rf4 36.Ng3 Kg6 37.Ra8 Kg5 38.Rg8+ Kh4 39.Rh8+ Kg4 40.Nf1 {#r} 1-0

[Event "Baltic Zonal Liepaja 2017"]
[Site "Liepaja LAT"]
[Date "2017.06.17"]
[Round "3.6"]
[White "Stremavicius,T"]
[Black "Kantans,T"]
[Result "0-1"]
[WhiteElo "2448"]
[BlackElo "2490"]

1.d4 Nf6 2.c4 g6 3.f3 c5 4.d5 d6 5.e4 Bg7 6.Nc3 O-O 7.Bg5 e6 8.Qd2 exd5 9.cxd5
a6 10.a4 Qe8 11.Be2 b6 12.g4 Nbd7 13.h4 Ne5 14.h5 Nexg4 15.h6 Bh8 16.Qf4 Nh5
17.Rxh5 Be5 18.Qd2 gxh5 19.fxg4 hxg4 20.Bd3 f5 21.Nge2 Ra7 22.O-O-O b5 23.exf5
b4 24.Ne4 Bxf5 25.N2g3 Bg6 26.b3 Rf3 27.Bh4 Raf7 28.Qe2 Bf4+ 29.Kc2 c4 {#R}
0-1

[Event "Baltic Zonal Liepaja 2017"]
[Site "Liepaja LAT"]
[Date "2017.06.17"]
[Round "3.11"]
[White "Vaicekauskas,G"]
[Black "Sveshnikov,V"]
[Result "0-1"]
[WhiteElo "2207"]
[BlackElo "2383"]

1.e4 Nf6 2.e5 Nd5 3.d4 d6 4.Nf3 dxe5 5.Nxe5 c6 6.c3 Nd7 7.Nf3 g6 8.Bc4 Bg7
9.O-O O-O 10.Re1 Re8 11.Nbd2 b6 12.Ne4 Bb7 13.a4 Qc7 14.Bd2 Rad8 15.Qb3 h6
16.Ng3 e6 17.Re2 c5 18.Bd3 cxd4 19.Nxd4 Nc5 20.Qc2 Nxd3 21.Qxd3 a6 22.Rae1 Nf4
23.Bxf4 Qxf4 24.Qe3 Qxe3 25.fxe3 e5 26.Nf3 Bc6 27.Ra1 f5 28.Kf2 Bf8 29.a5 b5
30.Ke1 b4 31.Rd1 Rxd1+ 32.Kxd1 bxc3 33.bxc3 Bc5 34.e4 f4 35.Nf1 Bb5 36.N1d2
Bxe2+ 37.Kxe2 Kf7 38.Kd3 Kf6 39.Kc4 Be3 40.Nf1 Rc8+ 41.Kb3 Rb8+ {#R} 0-1